Európski farmári by bez podpory asi neprežili
Rozhovor autora článku s riaditeľom Výskumného ústavu ekonomiky poľnohospodárstva a potravinárstva Gejzom Blaasom o problémoch poľnohospodárstva v európskom meradle.Nevyhnutnosť podpory európskeho poľnohospodárstva. Veľkí hráči na medzinárodných trhoch. Podpory v slovenskom poľnohospodárstve. Poľnoh...
Uložené v:
| Hlavný autor: | |
|---|---|
| Ďalší autori: | |
| Médium: | Kapitola |
| Jazyk: | Slovak |
| Predmet: | |
| Tagy: |
Žiadne tagy, Buďte prvý, kto otaguje tento záznam!
|
MARC
| LEADER | 00000naa$a2200000$$$4500 | ||
|---|---|---|---|
| 001 | 0031589 | ||
| 005 | 20231004130244.3 | ||
| 041 | 0 | |a slo | |
| 044 | |a SK | ||
| 245 | 1 | 0 | |a Európski farmári by bez podpory asi neprežili |c Martin Odkladal, Gejza Blaas |
| 520 | |a Rozhovor autora článku s riaditeľom Výskumného ústavu ekonomiky poľnohospodárstva a potravinárstva Gejzom Blaasom o problémoch poľnohospodárstva v európskom meradle.Nevyhnutnosť podpory európskeho poľnohospodárstva. Veľkí hráči na medzinárodných trhoch. Podpory v slovenskom poľnohospodárstve. Poľnohospodárstvo v rozvojových krajinách. Spolupráca poľnohospodárstva s cestovným ruchom. | ||
| 610 | 2 | 0 | |a poľnohospodárstvo |
| 610 | 2 | 0 | |a potravinárstvo |
| 610 | 2 | 0 | |a výroba poľnohospodárska |
| 610 | 2 | 0 | |a dotácie |
| 610 | 2 | 0 | |a podpory |
| 610 | 2 | 0 | |a reformy |
| 610 | 2 | 0 | |a farmy |
| 610 | 2 | 0 | |a trh medzinárodný |
| 610 | 2 | 0 | |a krajiny vyspelé |
| 610 | 2 | 0 | |a krajiny rozvojové |
| 610 | 2 | 0 | |a spolupráca medzinárodná |
| 610 | 2 | 0 | |a spolupráca podnikov |
| 610 | 2 | 0 | |a ruch cestovný |
| 610 | 2 | 0 | |a spotrebitelia |
| 100 | 1 | |a Odkladal, Martin | |
| 700 | 1 | |a Blaas, Gejza | |